Instruments for clinical health-care research / (Record no. 60361)

MARC details
000 -LEADER
fixed length control field 00902pam a2200301 a 4500
001 - CONTROL NUMBER
control field 2123182
005 - DATE AND TIME OF LATEST TRANSACTION
control field 20260416132346.0
008 - FIXED-LENGTH DATA ELEMENTS--GENERAL INFORMATION
fixed length control field 970220s1997 maua b 001 0 eng c
010 ## - LIBRARY OF CONGRESS CONTROL NUMBER
LC control number 97003049
020 ## - INTERNATIONAL STANDARD BOOK NUMBER
International Standard Book Number 0763703168
020 ## - INTERNATIONAL STANDARD BOOK NUMBER
International Standard Book Number 9780763703165
035 ## - SYSTEM CONTROL NUMBER
System control number 2123182
040 ## - CATALOGING SOURCE
Original cataloging agency DNLM/DLC
Transcribing agency DLC
Modifying agency DLC
050 00 - LIBRARY OF CONGRESS CALL NUMBER
Classification number RT48
Item number .I57 1997
245 00 - TITLE STATEMENT
Title Instruments for clinical health-care research /
250 ## - EDITION STATEMENT
Edition statement 2nd ed.
260 ## - PUBLICATION, DISTRIBUTION, ETC. (IMPRINT)
Place of publication, distribution, etc Boston :
Name of publisher, distributor, etc Jones and Bartlett Publishers,
Date of publication, distribution, etc c1997.
300 ## - PHYSICAL DESCRIPTION
Extent xx, 620 p. :
Other physical details ill. ;
Dimensions 26 cm.
440 #0 - SERIES STATEMENT/ADDED ENTRY--TITLE
Title Jones and Bartlett series in oncology
504 ## - BIBLIOGRAPHY, ETC. NOTE
Bibliography, etc Includes bibliographical references and index.
650 #0 - SUBJECT ADDED ENTRY--TOPICAL TERM
Topical term or geographic name as entry element Nursing
General subdivision Research.
650 12 - SUBJECT ADDED ENTRY--TOPICAL TERM
Topical term or geographic name as entry element Nursing.
650 12 - SUBJECT ADDED ENTRY--TOPICAL TERM
Topical term or geographic name as entry element Research
General subdivision methods.
700 1# - ADDED ENTRY--PERSONAL NAME
Personal name Frank-Stromborg, Marilyn.
700 1# - ADDED ENTRY--PERSONAL NAME
Personal name Olsen, Sharon J.
730 0# - ADDED ENTRY--UNIFORM TITLE
Uniform title Instruments for clinical nursing research.
942 ## - ADDED ENTRY ELEMENTS (KOHA)
Source of classification or shelving scheme Library of Congress Classification
Item type Book
Holdings
Withdrawn status Lost status Source of classification or shelving scheme Damaged status Not for loan Collection code Home library Current library Shelving location Date acquired Source of acquisition Cost, normal purchase price Total Checkouts Full call number Barcode Date last seen Copy number Price effective from Koha item type
    Library of Congress Classification   Not For Loan Non-fiction Bishop Okullu Memorial Library (Limuru Campus) Bishop Okullu Memorial Library (Limuru Campus) Processing Center 16/04/2026 Donation- Pittsburgh 7074.00   RT48 .I57 1997 073330 16/04/2026 1 16/04/2026 Book